Tình yêu trong mưa

Guardado en:
Detalles Bibliográficos
Autor principal: N Macfouz
Formato: Libro
Lenguaje:Undetermined
Publicado: Hà Nội Tác Phẩm Mới 1985
Materias:
Etiquetas: Agregar Etiqueta
Sin Etiquetas, Sea el primero en etiquetar este registro!
Thư viện lưu trữ: Trung tâm Học liệu Trường Đại học Cần Thơ
LEADER 00442nam a2200169Ia 4500
001 CTU_15979
008 210402s9999 xx 000 0 und d
082 |a 892.736 
082 |b M172 
100 |a N Macfouz 
245 0 |a Tình yêu trong mưa 
245 0 |c N Macfouz 
260 |a Hà Nội 
260 |b Tác Phẩm Mới 
260 |c 1985 
650 |a arabic fiction 
980 |a Trung tâm Học liệu Trường Đại học Cần Thơ